00833nam a22002415i 450000100060000000300090000600500170001500800410003202000180007304000220009108000240011310000340013724500570017126000390022830000400026749000230030760000290033070000290035983000310038885200330041999900170045295201220046912337ES-MaACL20230906150306.0930727s1993 sp ||||0| spa j a84-88186-07-X aM-BN bspa cM-BN a75 Oyonarte, Manuel1 aSáez-Angulo, Julia.910135910aManuel Oyonarte b: pinturas / cJulia Sèz-Angulo. aMadrid : bMRD Grupo, cD.L. 1993. a59 p : bil. col. y n ; c23x23 cm.1 aFormas plásticas14aOyonarte, Manuel.9880581 aOyonarte, Manuel.9880580 aFormas plásticas9228290 aES-MaACLjL-19577 bR.122753 c12337d12337 00104070aATENEOMbATENEOMcDEPO2d2008-01-17eSCl0oL-19577p1012572r2023-02-23 00:00:00w2023-02-23yMONOGRAFIA